Quiz da Lituânia - Statistics

Estatísticas Gerais
  • Esse quiz foi jogado 648 vezes
  • A pontuação média é 11 de 18
Estatísticas das Respostas
Dica Resposta % Correto
Países que fazem fronteira com a Lituânia Rússia
96%
Países que fazem fronteira com a Lituânia Letónia
95%
Países que fazem fronteira com a Lituânia Polônia
92%
A Lituânia fazia parte deste país antes de 1990 União Soviética
92%
Países que fazem fronteira com a Lituânia Bielorrússia
91%
Capital Vilnius
79%
Mar que faz fronteira com a Lituânia Mar Báltico
77%
Grandes organizações internacionais que a Lituânia entrou em 2004 OTAN
71%
Grandes organizações internacionais que a Lituânia entrou em 2004 União Europeia
70%
Esporte mais popular Basquete
65%
A Lituânia tem o segundo maior consumo de _____ no mundo, atrás apenas da Moldávia Álcool
59%
Estado lituano que existiu de 1236 a 1795, muito maior do que a Lituânia moderna Grão-{Ducado} da Lituânia
49%
A Lituânia foi a última nação ____ da Europa, não se tornando cristã até 1387 Pagã
47%
Vegetais usados para fazer o cepelinai, o prato nacional do país Batatas
30%
Segunda maior cidade Caunas
30%
A Lituânia lutou em ambos os lados desta guerra entre 1700 a 1721, perdendo 40% de sua população Grande Guerra do {Norte}
30%
Nos tempos antigos, a Lituânia comercializou esta substância de resina de laranjeira com o Império Romano Âmbar
20%
Ave nacional da Lituânia {Cegonha}-branca
15%
Nenhum quiz correspondente encontrado
Distribuição das Pontuações
Porcentagem de Pessoas com Cada Pontuação
Percentil de Números Respondidos
Sua Pontuação Histórica
Você não jogou esse quiz